000 00618nam a2200241Ia 4500
003 OSt
005 20221007103818.0
006 a|||||r|||| 00| 0
007 ta
008 221006b |||||||| |||| 00| 0 eng d
024 _a14,116
037 _cTextual
040 _aLCO
_cLCO
_beng
041 _2eng
_aeng
082 _aZ2,9298, K9
100 _aBarnabas A.P
245 0 _aCitizen's Grivances and Administration
260 _aNew
_bDelhi I. I. P. A. India
_c1969
300 _a163
650 _aADMINISTRATION
942 _hZ2,9298, K9
_cTEXL
999 _c1183679
_d1183679